00381 a2200145 4500003000400000005001700004008004100021020001800062040000900080082001800089100002600107245005300133260003300186300001600219OSt20231028114427.0231028b |||||||| |||| 00| 0 eng d a9789356430785 coclc a954.09bRAM/D aRamaswami Naykar, E V aDRAVIDAMUNNETTAM /cPeriyar E V Ramaswami Naykar aKottayam:bD C Books,c2023. a168p,c21cm